000
00261nam a2200109Ia 4500
005
20251222152013.0
008
251222s9999||||xx |||||||||||||| ||spa||
020
_a
9972-02-127-0
082
_a
REF.423/D92
245
0
_a
Diccionario visual: 5 idiomas
942
_c
LIB
999
_c
24977
_d
24977